Ecología forestal: bases para el manejo sustentable y conservación de los bosques nativos de Chile

Сохранить в:
Библиографические подробности
Главные авторы: Donoso Zegers, Claudio (Автор), González, Mauro E (Автор), Lara, Antonia (Автор)
Формат:
Язык:испанский
Опубликовано: Valdivia Ediciones UACH 2014
Редактирование:1a. ed
Предметы:
Метки: Добавить метку
Нет меток, Требуется 1-ая метка записи!

MARC

LEADER 00000cam a2200000 a 4500
001 UCE7821
003 CL-VaPUC
008 150710e20140000cl |||||||||||||||||spa|d
020 |a 9789569412066 
082 0 4 |a 577.3  |b DON  |2 21 
100 0 |a Donoso Zegers, Claudio  |e author  |9 580545 
700 0 |a González, Mauro E  |e author  |9 580546 
700 0 |a Lara, Antonia  |e author  |9 580547 
245 1 0 |a Ecología forestal: bases para el manejo sustentable y conservación de los bosques nativos de Chile 
250 |a 1a. ed 
300 |a 720 p 
942 |c BK 
945 |d 20150710 13:45:00  |a dcastane 
260 |a Valdivia  |b Ediciones UACH  |c 2014 
650 0 |a Ecología forestal  |9 262744 
650 0 |a Conservación de bosques  |9 404253 
650 0 |a Flora y fauna  |9 338564 
583 |a last modification  |c 20150710 13:45:00  |k Rodrigo Vera 
999 |c 359840  |d 359838 
952 |0 0  |1 0  |3 erb  |4 0  |6 577_300000000000000_DON_2014  |7 0  |8 A  |9 469391  |a BIBING  |b BIBING  |i 5190150  |l 1  |o 577.3 DON 2014  |p 5190150  |r 2025-01-20  |s 2023-04-19  |w 2019-11-23  |y BK  |z Catalogado en:20150710  |k GEO 
952 |0 0  |1 0  |3 erb  |4 0  |6 577_300000000000000_DON_2014  |7 0  |8 A  |9 469392  |a BIBING  |b BIBING  |i 5190169  |o 577.3 DON 2014  |p 5190169  |r 2025-01-20  |w 2019-11-23  |y BK  |z Catalogado en:20150710  |k GEO 
952 |0 0  |1 0  |3 erb  |4 0  |6 577_300000000000000_DON_2014  |7 0  |8 A  |9 469393  |a BIBING  |b BIBING  |i 5190177  |l 1  |o 577.3 DON 2014  |p 5190177  |r 2025-01-20  |s 2024-07-04  |w 2019-11-23  |y BK  |z Catalogado en:20150710  |k GEO 
952 |0 0  |1 0  |3 erb  |4 0  |6 577_300000000000000_DON_2014  |7 0  |8 A  |9 469394  |a BIBING  |b BIBING  |i 5291003  |l 1  |o 577.3 DON 2014  |p 5291003  |r 2025-01-20  |s 2021-12-28  |w 2019-11-23  |y BK  |z Catalogado en:20160609  |k GEO 
952 |0 0  |1 0  |3 erb  |4 0  |6 577_300000000000000_DON_2014  |7 0  |8 A  |9 469395  |a BIBING  |b BIBING  |i 5290996  |o 577.3 DON 2014  |p 5290996  |r 2025-01-20  |w 2019-11-23  |y BK  |z Catalogado en:20160609  |k GEO